Score 0/28 Timer 07:00
0 Plays Today
Length (in km) River % Correct
1,075Danube
94.5%
615Olt
83.4%
761Mureş
82.5%
742Prut
76%
286Dâmboviţa
68.7%
559Siret
65.9%
350Argeş
62.2%
339Jiu
61.8%
417Ialomiţa
59%
376Someş
57.1%
283Bistriţa
51.2%
234Crişul Alb
50.7%
170Bega
47.9%
244Timiş
46.1%
Length (in km) River % Correct
193Prahova
43.3%
245Târnava Mare
41%
196Târnava Mică
41%
213Moldova
40.6%
302Buzău
33.6%
173Suceava
31.8%
162Trotuş
29%
275Jijia
26.7%
207Bârlad
25.8%
178Someşul Mic
25.8%
166Arieş
21.7%
185Olteţ
20.3%
224Vedea
18.4%
186Neajlov
12.4%
Remove Ads.
Support Sporcle.
Get the best of Sporcle when you Go Orange. This ad-free experience offers more features, more stats, and more fun while also helping to support Sporcle. Thank you for becoming a member.

You're not logged in!

Compare scores with friends on all Sporcle quizzes.
OR
Log In

Show Comments

Extras

Created Oct 26, 2013ReportNominate
Tags:Topography Quiz, River, Romania

Top Quizzes Today


Score Distribution

Your Account Isn't Verified!

In order to create a playlist on Sporcle, you need to verify the email address you used during registration. Go to your Sporcle Settings to finish the process.

Report this User

Report this user for behavior that violates our Community Guidelines.

Details: